000
00186nam a2200085Ia 4500
008
180219s9999 xx 000 0 und d
100
_a
Goyal M K
245
0
_a
Pryavaran Shikshan
260
_a
Aggrawal
260
_c
2010
999
_c
41946
_d
41946